000 00810nam a2200265Ia 4500
003 OSt
005 20220918225726.0
006 a|||||r|||| 00| 0
007 ta
008 220917b |||||||| |||| 00| 0 eng d
024 _a244,897
037 _cTextual
040 _aARTS
_cARTS
_beng
041 _2eng
_aeng
082 _aY76-77322.N7, L2
100 _aDavis Allison
_9151168
245 0 _aDeep South
_b A Social anthropological study of caste and class
260 _aLondon
_bThe University of Chicago Press UK
_c1972
300 _a558p.
_ccm.
650 _aSOCIOLOGY
700 _a Gardener Mary R.
_9151169
700 _a Gardner Burleigh B.
_9151170
942 _hY76-77322.N7, L2
_cTEXL
_2CC
999 _c285815
_d285815